| 000 | 00526nam a2200169Ia 4500 | ||
|---|---|---|---|
| 003 | GCL | ||
| 008 | 140319s9999 xx 000 0 ara d | ||
| 040 |
_aGCL / _cGCL |
||
| 082 | 0 | 4 |
_a155.4 _bم ت |
| 100 | 1 | _aمحمود محمد غانم | |
| 245 | 1 | 0 |
_aالتفكير عند الاطفال : تطور و طرق تعليمة / _cمحمود محمد غانم |
| 490 |
_aكتاب _v0 |
||
| 650 | 0 | 4 | _aالاطفال - نمو |
| 650 | 0 | 4 | _aالاطفال - تدريب |
| 650 | 0 | 4 | _aالاطفال - رعاية |
| 942 |
_2ddc _cBK |
||
| 999 |
_c42062 _d42062 |
||